| 000 | 00883nam0a22002411 4500 | ||
|---|---|---|---|
| 001 | rc\3155198 | ||
| 005 | 20260407181132.0 | ||
| 035 | _a(NLR Aleph) 007298921 | ||
| 090 |
_a5689450 _c5689450 |
||
| 100 | _a20120615d1976 |||y0rusy50 ca | ||
| 101 | 0 | _arus | |
| 102 | _aRU | ||
| 105 | _aa z ||||| | ||
| 200 | 1 |
_aАнализ аварийности на флоте Северо-Западного речного пароходства в навигацию 1975 года _fМ-во реч. флота РСФСР... |
|
| 210 |
_aЛенинград _cБ. и. _d1976 |
||
| 215 |
_a32 с., 3 л. табл. _cил. _d21 |
||
| 333 | _aДСП. Экз. № 495 | ||
| 710 | 0 | 2 |
_aСеверо-Западное речное пароходство _9730797 _3RU\NLR\AUTH\8810115759 |
| 801 | 0 |
_aRU _bNLR _gpsbo |
|
| 801 | 1 |
_aRU _bELAR _2rusmarc |
|
| 852 |
_aNLR _j76-50К/1559 |
||
| 942 | _cBOOK | ||
| 980 | _aNB | ||